00559nam a22001697a 4500003000900000008004100009040007100050082001700121100003000138245002300168260004200191300003000233505007500263650002300338650001500361650001300376AR-CdUCM190223b ||||| |||| 00| 0 spa d aMUNICIPALIDAD PROVINCIAL DEL CUSCOcBIBLIOTECA MUNICIPAL DEL CUSCO a328.8 /bB38 aBenavides Correa, Alfonso aRecuerda peruano / aLima :bIndustrial Gráfica, c1969. a562 páginas ;c18.5 cm. aContenido : Nuestra palabra -- Futuro paladín -- Primer discurso ... aLa reforma agraria aSociologia aSiglo XX